LEADER 01064nam a2200205 i 4500 001 000000243999 003 CaOOAMICUS 005 20150728000000.0 008 150728s1852 it u000 u ita u 013 $a222904 040 $aSeMil$bita 245 10$aPoliantea oratoria francese delle pił acclamate concioni tenute nella quaresima del 1852 dai MM. RR. Sacerdoti Cambalot, David, Coeur, Lacordaire e Ventura /$cversione di Antonio Lissoni. 260 $aMilano :$bTipografia Guglielmini,$c1852. 300 $a328 p. ;$c22 cm. 650 4$aQuaresima - Predicazione.$0(OLS)http://semarc/subject/3053 700 1 $aLissoni, Antonio.$0(OLS)http://semarc/name/8370 850 $aSeMil 852 $aSeMil$W1$xVenegono$y1$m3D II 131 FA$j194345$B194345$CSeMilBibl$Z2$F204969 $8I 996 $6245$aPoliantea oratoria francese delle pił acclamate concioni tenute nella quaresima del 1852 dai MM. RR. Sacerdoti Cambalot, David, Coeur, Lacordaire e Ventura$9(OLS)http://semarc/title/345910 996 $6260$aMilano :$bTipografia Guglielmini$9(OLS)http://semarc/publisher/33663 LEADER 01191nam a2200253 4500 001 000000364365 003 CaOOAMICUS 005 20250917081701.0 008 250917s1794 it 000 u ita r 026 $aa.il o.se i.un gich (3) 1794 (A) 040 $aSeMil$bita 100 11$aScrofani, Saverio,$d<1756-1835>.$0(OLS)http://semarc/name/122766 245 10$aTutti han torto, ossia Lettera a mio zio sulla rivoluzione di Francia. 250 $aQuinta edizione 264 1$aTorino :$bPresso Francesco Prato, librajo in Dora Grossa,$c1794$e(Torino :$fdalla Stamperia di Giacomo Fea) 300 $a94, [2] p. ;$c8° 500 $aSegn.: [A]-F? 500 $aPer l'a. S. Scrofani, vedi Melzi, Anonime e pseudonime, v. 3., p. 181 700 1 $aPrato, Francesco,$c.$0(OLS)http://semarc/name/25618 850 $aSeMil 852 $aSeMil$W1$xVenegono$y1$m5B II 39/9 FA$j261904$B255232$CSeMilBibl$Z2$F255232 $8I 996 $6245$aTutti han torto, ossia Lettera a mio zio sulla rivoluzione di Francia$9(OLS)http://semarc/title/455728 996 $6264$aTorino :$bPresso Francesco Prato, librajo in Dora Grossa$9(OLS)http://semarc/publisher/62573